Sports Quiz

Random Sports Quiz

Longest Distance Traveled To Super Bowl Quiz Stats

 Plays Quiz not verified by Sporcle

Challenge
Share
Tweet
Embed
Score 0/20 Timer 10:00
0 Plays Today
Distance Team % Correct
3084 MilesMiami Dolphins
94.6%
3033 MilesOakland Raiders
76.8%
3029 MilesSan Francisco 49ers
73.2%
2778 MilesNew York Giants
69.6%
2682 MilesNew England Patriots
66.1%
2734 MilesMiami Dolphins
60.7%
2729 MilesMiami Dolphins
57.1%
2527 MilesLos Angeles Raiders
55.4%
2456 MilesNew York Giants
55.4%
2690 MilesWashington Redskins
50%
Distance Team % Correct
2530 MilesBuffalo Bills
50%
2404 MilesSan Francisco 49ers
50%
2661 MilesWashington Redskins
48.2%
2420 MilesPittsburgh Steelers
48.2%
2676 MilesWashington Redskins
46.4%
2639 MilesSan Diego Chargers
46.4%
2446 MilesTampa Bay Buccaneers
46.4%
2171 MilesGreen Bay Packers
46.4%
2165 MilesArizona Cardinals
44.6%
2330 MilesSeattle Seahawks
42.9%

You're not logged in!

Compare scores with friends on all Sporcle quizzes.
Join for Free
OR
Log In

You Might Also Like...

Show Comments

Extras

Created Feb 2, 2011ReportNominate
Tags:bowl, distance, extra, longest, team, travel

Top Quizzes Today


Score Distribution

Your Account Isn't Verified!

In order to create a playlist on Sporcle, you need to verify the email address you used during registration. Go to your Sporcle Settings to finish the process.

Report this User

Report this user for behavior that violates our Community Guidelines.

Details: